Elementos de gramática castellana conforme con las doctrinas y reformadas de la Academia Española

Gespeichert in:
Bibliographische Detailangaben
1. Verfasser: Aguayo, Ambrosio.
Format: Buch
Sprache:Spanisch
Erschienen: Guadalajara Imp. del Horfanatorio del Sagrado Corazón de Jesús 1893
Ausgabe:5a. ed.
Katalog:MANES:  Suchergebnis im Bibliothekskatalog
Schulbuchspezifische Eigenschaften:
Tags: Tag hinzufügen
Keine Tags, Fügen Sie den ersten Tag hinzu!
Hinzugefügt zu:23.10.2018
Geändert in:20.11.2024

MARC

LEADER 00000nam a2200000 4500
005 20241121020200.0
008 181024b xxu||||| |||| 00| 0 spa d
040 |a centro_manes   |c universidad_colima 
100 |9 22614  |a Aguayo, Ambrosio. 
245 |a Elementos de gramática castellana conforme con las doctrinas y reformadas de la Academia Española  
250 |a 5a. ed.  
260 |a Guadalajara  |b  Imp. del Horfanatorio del Sagrado Corazón de Jesús   |c 1893 
300 |a 79 p.   |c 16 cm 
500 |a Aparece: Francisco Ziga, "Bibliografía Pedagógica. Libros de texto para enseñanza primaria:1850-1970 V. Libros de Gramática" en Boletín del Instituto de Investigaciones Bibliográficas 1981-1982, Biblioteca Nacional, Hemeroteca Nacional, Universidad Nacional Autónoma de México, Nos. 18 - 19,p. 147. 
690 0 |a LEN 
691 0 |a PRI 
942 |2 ddc  |c BK 
999 |c 52449  |d 52449 
999 |c manes:52449  |d 52449